La humanidad es una: estudio acerca de la querella que sobre la capacidad intelectual y religiosa de los indígenas americanos sostuvieron en 1550 Bartolomé de las Casas y Juan Ginés de Sepúlveda
محفوظ في:
| المؤلف الرئيسي: | |
|---|---|
| التنسيق: | كتاب |
| اللغة: | الإسبانية |
| منشور في: |
Ciudad de México
Fondo de Cultura Económica
1985
|
| الطبعة: | 2a. ed |
| الموضوعات: | |
| الوسوم: |
إضافة وسم
لا توجد وسوم, كن أول من يضع وسما على هذه التسجيلة!
|
MARC
| LEADER | 00000nam a2200000 a 4500 | ||
|---|---|---|---|
| 001 | UCX2137 | ||
| 003 | CL-VaPUC | ||
| 008 | 910326e19850000MX |||||||||||||||||spa|d | ||
| 082 | 0 | 4 | |a 980.01 |b HAN |2 21 |
| 100 | |a Hanke, Lewis |e author |9 575054 | ||
| 245 | 1 | 3 | |a La humanidad es una: estudio acerca de la querella que sobre la capacidad intelectual y religiosa de los indígenas americanos sostuvieron en 1550 Bartolomé de las Casas y Juan Ginés de Sepúlveda |
| 250 | |a 2a. ed | ||
| 300 | |a 232 p | ||
| 942 | |c BK | ||
| 945 | |d 19910326 00:00:00 | ||
| 260 | |a Ciudad de México |b Fondo de Cultura Económica |c 1985 | ||
| 600 | 0 | 7 | |a CASAS, BARTOLOME DE LAS |2 CL-VaPUC |9 266671 |
| 600 | 0 | |a SEPULVEDA, JUAN GINES DE |9 317959 | |
| 650 | 0 | |a Trato a los indios |9 267759 | |
| 583 | |a last modification |c 19910326 00:00:00 |k Rodrigo Vera | ||
| 999 | |c 223221 |d 223219 | ||
| 952 | |0 0 |1 0 |4 0 |6 980_010000000000000_HAN_1985 |7 0 |8 A |9 218800 |a BIBHIS |b BIBHIS |d 2019-11-15 |i 2876132 |o 980.01 HAN 1985 |p 2876132 |r 2025-01-20 |w 2019-11-15 |y BK |k HIS | ||